Statistiken für Erfindungen nach Land

Klicken Sie hier um das Quiz zu spielen!

Allgemein

  • Dieses Quiz wurde 4.847 mal gespielt
  • Das Durchschnittsergebnis liegt bei 11 aus 24

Antwortstatistiken

ErfindungJahrLand% Korrekt
Auto1885Deutschland
99%
Basketball1891Vereinigte Staaten
96%
Pizza?Italien
81%
Espresso1884Italien
78%
Demokratie400er v. Chr.Griechenland
74%
Flugzeug1903Vereinigte Staaten
60%
Seide3500 v. Chr.China
59%
Satellit1957Russland
57%
Bikini1946Frankreich
50%
Lokomotive1804Vereinigtes Königreich
50%
Psychoanalyse1890erÖsterreich
45%
Schießpulver8. Jh.China
44%
Dynamit1867Schweden
43%
Heißluftballon1783Frankreich
41%
Golf15. Jh.Vereinigtes Königreich
37%
Börse1602Niederlande
30%
Schach500erIndien
26%
Brille1286Italien
24%
Kompass11. Jh.China
23%
Rubik's Cube1974Ungarn
19%
Orangene Karotte16. Jh.Niederlande
13%
Kaffee15. Jh.Äthiopien
11%
Mononatriumglutamat1908Japan
10%
Sieben-Tage-Woche?Irak
7%

Verteilung der Resultate

Perzentil nach korrekt beantworteten Fragen

Anzahl Personen mit jedem Resultat

Ihre Resultats-Entwicklung

Sie haben dieses Quiz noch nicht gespielt